Planificación del desarrollo /
Jan Tinbergen, ganador del primer Premio Nobel de Economía (1969), presenta en esta obra la metodología necesaria para la planeación de un proceso de desarrollo, explicando la preparación previa, los problemas, las funciones del proceso, las fases (macro, intermedia y micro), la organización y los m...
Kaydedildi:
| Yazar: | |
|---|---|
| Materyal Türü: | Kitap |
| Dil: | İspanyolca |
| Baskı/Yayın Bilgisi: |
Madrid, España :
Guadarrama,
1967, c1967
|
| Seri Bilgileri: | (Biblioteca para el Hombre Actual ;
18) |
| Konular: | |
| Etiketler: |
Etiket eklenmemiş, İlk siz ekleyin!
|
MARC
| LEADER | 00000nam^a2200000^a^4500 | ||
|---|---|---|---|
| 001 | 000345025 | ||
| 005 | 20250521000000.0 | ||
| 009 | 20260310114707.954 | ||
| 037 | |a Acervo Xavier Clavigero | ||
| 041 | |a ESP | ||
| 082 | |a 338. 9001 |b TIN | ||
| 100 | |a Tinbergen, Jan |e (autor) | ||
| 245 | 1 | 0 | |a Planificación del desarrollo / |c J. Tinbergen ; tr. por Federico Hernández de Goncer. |
| 264 | 4 | |a Madrid, España : |b Guadarrama, |c 1967, c1967 | |
| 300 | |a 254 p. | ||
| 336 | |a texto |b txt |2 rdacontenido | ||
| 337 | |a sin mediación |b n |2 rdamedio | ||
| 338 | |a volumen |b nc |2 rdasoporte | ||
| 440 | 1 | |a (Biblioteca para el Hombre Actual ; |v 18) | |
| 500 | |a Traducción de: Ontwikkelingsplannen | ||
| 520 | |a Jan Tinbergen, ganador del primer Premio Nobel de Economía (1969), presenta en esta obra la metodología necesaria para la planeación de un proceso de desarrollo, explicando la preparación previa, los problemas, las funciones del proceso, las fases (macro, intermedia y micro), la organización y los modelos a utilizar. | ||
| 649 | |a XX | ||
| 650 | |a Planeación Regional | ||
| 650 | |a Planeación Económica - |x Metodología - |x Tema Principal | ||
| 650 | |a Política Económica | ||
| 650 | |a Desarrollo Económico-Social | ||
| 650 | |a Macroeconomía | ||
| 650 | |a Economía - |x Teoría | ||
| 910 | |a Fondo General | ||
| 920 | |a Impresos - Libros | ||
| 930 | |a Colección General | ||
| 905 | |a 101 | ||
| 901 | |a 019744 |b IT1 |c ACC |u 20250521 | ||
| 902 | |a https://opac.biblio.iteso.mx/vufind/Record/000345025 | ||